000 00747nam a2200289Ia 4500
005 20260324131540.0
008 008 260324s9999 xx 000 0 eng d
020 _a9780429237812
037 _aEBOOK
040 _aCRL
040 _beng
040 _cCRL
041 _2eng
041 _aeng
084 _qCRL
100 _aLee Andrew Hilyer
_91185921
245 0 _aInterlibrary Loan and Document Delivery
245 0 _bBest Practices for Operating and Managing Interlibrary Loan Services in All Libraries
260 _bTaylor and Francis
260 _c2006
365 _a
365 _b145
856 _uhttp://www.taylorfrancis.com/books/9780429237812
942 _cEBOOK
999 _c1783192
_d1783192